| 000 | 00558nam a2200229Ia 4500 | ||
|---|---|---|---|
| 003 | OSt | ||
| 005 | 20220912144023.0 | ||
| 006 | a|||||r|||| 00| 0 | ||
| 007 | ta | ||
| 008 | 220909b |||||||| |||| 00| 0 eng d | ||
| 020 | _a000000 (pbk) | ||
| 024 | _a198705 | ||
| 037 | _cTextual | ||
| 040 | _beng | ||
| 041 | _aeng | ||
| 100 | _aBarr Michael | ||
| 245 | 0 | _aProgramming embedded systems in c and c++ | |
| 260 |
_aCalcutta _bShroh Pusa Pvt. _c1900 |
||
| 300 |
_a174p. ill. _ccm |
||
| 942 |
_cTEXL _2CC |
||
| 999 |
_c1039 _d1039 |
||